Fragilidad y fiabilidad en las sociedades post-industriales /

La velocidad de los cambios y la suspensión de las barreras a la comunicación, parece haber convertido al hombre en un ser desarraigado. No hay territorio de familiaridad sino una fragmentación que combina familiaridad y extrañeza. La ruptura del anclaje de la tradición conlleva a un adelgazamiento...

Descripción completa

Detalles Bibliográficos
Autor principal: Rovaletti, Lucrecia
Formato: Analitica de revista
Lenguaje:español
Publicado: Buenos Aires Pontificia Universidad Católica Argentina, Departamento de Psicología 2005

MARC

LEADER 00000cab a2200000 a 4500
001 041277
003 UAHC_CL
005 20170803124546.0
008 051216b xx j 000 1 spa
040 |a UAHC_CL  |c UAHC_CL  |d UAHC_CL 
100 1 |a Rovaletti, Lucrecia 
245 1 0 |a Fragilidad y fiabilidad en las sociedades post-industriales /  |c Lucrecia Rovaletti. 
260 |b Pontificia Universidad Católica Argentina, Departamento de Psicología  |c 2005  |a Buenos Aires 
300 |a p. 77-89 
520 |a La velocidad de los cambios y la suspensión de las barreras a la comunicación, parece haber convertido al hombre en un ser desarraigado. No hay territorio de familiaridad sino una fragmentación que combina familiaridad y extrañeza. La ruptura del anclaje de la tradición conlleva a un adelgazamiento del "espacio de la experiencia", y al progresivo desvanecerse del "horizonte de expectativas". Los marcos con los cuales se construye e instala un mundo se han perdido y se requiere un discurso de lo humano atento a las diferencias. Ante un yo plano, ante un sujeto moderno que se mide por el apetito de lo nuevo, de un futuro cargado de promesas que deviene el único presente, los valores se homogeneizan. La identidad se encuentra ante el desafío de una fragilidad y fiabilidad que el mundo actual carece. 
520 |a La velocidad de los cambios y la suspensión de las barreras a la comunicación, parece haber convertido al hombre en un ser desarraigado. No hay territorio de familiaridad sino una fragmentación que combina familiaridad y extrañeza. La ruptura del anclaje de la tradición conlleva a un adelgazamiento del "espacio de la experiencia", y al progresivo desvanecerse del "horizonte de expectativas". Los marcos con los cuales se construye e instala un mundo se han perdido y se requiere un discurso de lo humano atento a las diferencias. Ante un yo plano, ante un sujeto moderno que se mide por el apetito de lo nuevo, de un futuro cargado de promesas que deviene el único presente, los valores se homogeneizan. La identidad se encuentra ante el desafío de una fragilidad y fiabilidad que el mundo actual carece. 
520 |a La velocidad de los cambios y la suspensiÛn de las barreras a la comunicaciÛn, parece haber convertido al hombre en un ser desarraigado. No hay territorio de familiaridad sino una fragmentaciÛn que combina familiaridad y extraÒeza. La ruptura del anclaje de la tradiciÛn conlleva a un adelgazamiento del "espacio de la experiencia", y al progresivo desvanecerse del "horizonte de expectativas". Los marcos con los cuales se construye e instala un mundo se han perdido y se requiere un discurso de lo humano atento a las diferencias. Ante un yo plano, ante un sujeto moderno que se mide por el apetito de lo nuevo, de un futuro cargado de promesas que deviene el único presente, los valores se homogeneizan. La identidad se encuentra ante el desafÌo de una fragilidad y fiabilidad que el mundo actual carece. 
590 |a Nota de migración: referencia analitica PP140 
759 |a PP140 
900 |a REV. PSICOL. (B. AIRES)-01/05 
942 |c REVA 
952 |0 0  |1 0  |4 0  |6 REV___PSICOL__B__AIRES01_05_000000000000000  |7 0  |8 General  |9 77572  |a BC  |b BC  |c General  |d 2017-08-03  |l 0  |o REV. PSICOL. (B. AIRES)-01/05  |p FICTICIO6737  |r 2019-01-08 00:00:00  |t 1  |w 2017-08-03  |y REVA 
999 |c 41277  |d 41277